000 00715nam a22002417a 4500
003 dpl
005 20180728160254.0
008 180728b xxu||||| |||| 00| 0 eng d
010 _aB-231342
020 _c250.00
_a8188965316
035 _aB-231342, B-231361
037 _bCen Lib/Ret
040 _aDPL
_bEN
_c0
082 _aN
_bGAU
100 _aGuahar, Feryal Ali
_930588
245 _aNo space for further burials /
_cby Feryal Ali Gauhar
260 _bWomen unlimited
_aNew Delhi
_c2007
270 _bNew Delhi
_aK-36, Hauz khas enclave
_e110016
300 _a192p.
_c21cm(pbk)
650 _aPakistani literature
_930589
650 _aPakistani fiction (English)
_930590
942 _2ddc
_cEN
_hN
_mGAU
999 _c131017
_d131017